Light after darkness : an experience of Nicaragua /

Bibliographic Details
Main Author: Purcell, Betty
Format: Book
Language:English
Published: Dublin : Attic Press, 1989.
Subjects:

MARC

Tag First Indicator Second Indicator Subfields
LEADER 00000cam a2200000 a 4500
001 in00001231069
005 20151003073328.0
008 890822s1989 ie a b 000 0 eng
010 |a  89177828  
020 |a 0946211760 :  |c £4.95 
035 |a (OCoLC)22983082 
035 |9 AGT8347AM 
040 |a DLC  |c DLC  |d UtOrBLW 
043 |a ncnq--- 
049 |a TXAM 
050 0 0 |a F1524.3  |b .P87 1989 
082 0 0 |a 972.8505/3  |2 20 
100 1 |a Purcell, Betty. 
245 1 0 |a Light after darkness :  |b an experience of Nicaragua /  |c by Betty Purcell. 
264 1 |a Dublin :  |b Attic Press,  |c 1989. 
300 |a 160 pages :  |b illustrations ;  |c 20 cm. 
336 |a text  |b txt  |2 rdacontent 
337 |a unmediated  |b n  |2 rdamedia 
338 |a volume  |b nc  |2 rdacarrier 
504 |a Includes bibliographical references (page 160). 
541 0 |a Donated by Susan Dixon Richardson and Joe C. Richardson, Jr. for the Jayne and William H. Mobley Collection in Presidential Studies. 
651 0 |a Nicaragua  |x Description and travel. 
651 0 |a Nicaragua  |x Politics and government  |y 1979-1990. 
600 1 0 |a Purcell, Betty. 
999 |a MARS 
999 f f |s d74e1341-49f7-3af5-ae1e-68481af7d3e5  |i 3e8df4be-64c8-3b65-92e9-6464a3dd38bb  |t 0 
952 f f |p normal  |a Texas A&M University  |b College Station  |c Sterling C. Evans Library  |d Evans: Library Stacks  |t 0  |e F1524.3 .P87 1989  |h Library of Congress classification  |i unmediated -- volume  |m A14820034369 
998 f f |a F1524.3 .P87 1989  |t 0  |l Evans: Library Stacks